| 000 | 00765nam a22002537a 4500 | ||
|---|---|---|---|
| 999 |
_c7811 _d7811 |
||
| 003 | AR-CdUCM | ||
| 008 | 190321b ||||| |||| 00| 0 spa d | ||
| 020 | _a0-88349-015-3 | ||
| 040 |
_aMUNICIPALIDAD PROVINCIAL DEL CUSCO _cBIBLIOTECA MUNICIPAL DEL CUSCO |
||
| 082 |
_a631.523 / _bB52 |
||
| 100 |
_aBickel, Lennard _922082 |
||
| 245 | _aLa Revolución verde / | ||
| 260 |
_aMexico : _bEditores Asociados, _c1976. |
||
| 300 |
_a285 paginas ; _c20 cm. |
||
| 500 | _aLa revolucion verde | ||
| 505 | _aContenido: relacionado a la revolucion verde | ||
| 650 |
_arevolucion verde _922083 |
||
| 650 |
_aLiteratura _983 |
||
| 650 |
_aHambre _97447 |
||
| 650 |
_aLucha _922084 |
||
| 700 |
_aGonzales de Galvan, Emma _922085 |
||
| 942 |
_2ddc _cLIBROS |
||
| 945 | _apjha | ||